| 000 | 00360nam a2200133Ia 4500 | ||
|---|---|---|---|
| 008 | 240624s9999 xx 000 0 und d | ||
| 041 | _aeng | ||
| 082 | _a641.5097471 PAR | ||
| 100 | _aPARKER MILTON | ||
| 245 | _aHOW TO FEED FRIENDS AND INFLUENCE PEOPLE | ||
| 260 |
_c2005 _aNew Jersey _bJohn Wiley and Sons |
||
| 300 | _axii, : 171p. : cm. ; 22 | ||
| 365 |
_c _b27 |
||
| 999 |
_c4636 _d4636 |
||